Tutti i comuni della provincia di Como - Statistics

Statistiche generali
  • Questo quiz è stato fatto 189 volte
    165 dall'ultimo reset
  • Il punteggio medio è 49 su 148
Statistiche sulle risposte
Posizione Città Popolazione % Corretto
1 Como 83.626
98%
2 Cantù 39.340
90%
4 Erba 16.106
88%
20 Cernobbio 6.396
78%
51 Bellagio 3.589
75%
86 (comune nel territorio svizzero) Campione d'Italia 1.702
70%
3 Mariano Comense 25.193
68%
32 Canzo 5.107
66%
5 Olgiate Comasco 16.106
65%
62 Menaggio 3.035
63%
10 Cermenate 9.249
62%
7 Fino Mornasco 9.827
62%
24 Lipomo 5.966
60%
56 Dongo 3.243
59%
16 San Fermo della Battaglia 7.789
59%
53 Asso 3.515
58%
6 Lomazzo 9.942
57%
31 Arosio 5.112
56%
22 Albavilla 6.350
55%
15 Villa Guardia 7.868
55%
26 Tavernerio 5.699
54%
17 Appiano Gentile 7.675
53%
88 Brunate 1.628
53%
37 Porlezza 4.861
53%
66 Grandate 2.812
50%
117 Argegno 684
48%
11 Inverigo 9.112
48%
29 Lurago d'Erba 5.394
48%
102 Torno 1.098
48%
99 Nesso 1.150
47%
100 Faggetto Lario 1.147
45%
48 Merone 4.061
44%
38 Alzate Brianza 4.834
43%
103 Blevio 1.077
43%
13 Cadorago 7.917
43%
30 Montano Lucino 5.349
43%
23 Rovello Porro 6.199
43%
14 Rovellasca 7.914
42%
45 Albese con Cassano 4.186
41%
54 Cucciago 3.460
41%
64 Novedrate 2.885
40%
35 Tremezzina 4.982
40%
9 Turate 9.549
40%
25 Guanzate 5.788
39%
110 Laglio 894
39%
93 Pusiano 1.331
39%
33 Uggiate Trevano 5.020
39%
42 Carimate 4.414
38%
19 Carugo 6.572
38%
92 Domaso 1.441
38%
34 Casnate con Bernate 5.012
37%
28 Colverde 5.437
37%
81 Lezzeno 1.969
36%
58 Senna Comasco 3.163
36%
46 Vertemate con Minoprio 4.120
36%
101 Carate Urio 1.102
35%
73 Eupilio 2.577
35%
8 Lurate Caccivio 9.696
35%
120 Sormano 642
35%
125 Barni 558
34%
21 Bregnano 6.378
34%
49 Bulgarograsso 4.002
34%
18 Cabiate 7.408
34%
76 Montorfano 2.509
34%
44 Ponte Lambro 4.233
34%
27 Capiago Intimiano 5.489
33%
94 Alserio 1.307
32%
83 Anzano del Parco 1.755
32%
47 Gravedona ed Uniti 4.079
32%
116 Magreglio 686
32%
41 Solbiate con Cagno 4.626
32%
84 Bizzarone 1.733
31%
87 Caslino d'Erba 1.654
31%
36 Figino Serenza 4.965
31%
90 Moltrasio 1.553
31%
70 Orsenigo 2.641
31%
146 Zelbio 183
31%
63 Alta Valle Intelvi 3.011
30%
129 Caglio 475
30%
52 Centro Valle Intelvi 3.589
30%
57 Fenegrò 3.211
30%
40 Binago 4.798
29%
75 Lambrugo 2.529
29%
79 Brenna 2.174
28%
132 Brienno 333
28%
55 Cassina Rizzardi 3.305
28%
39 Faloppio 4.817
28%
74 Lurago Marinone 2.543
28%
71 Valbrona 2.623
28%
67 Beregazzo con Figliaro 2.778
27%
96 Castelmarte 1.259
27%
12 Mozzate 8.675
27%
98 Sorico 1.240
27%
80 Cirimido 2.102
26%
69 Albiolo 2.704
25%
104 Gera Lario 1.058
25%
134 Rezzago 303
25%
50 Limido Comasco 3.862
24%
82 Longone al Segrino 1.947
24%
59 Maslianico 3.115
24%
89 Ronago 1.615
24%
61 Veniano 3.078
24%
131 Colonno 447
23%
43 Locate Varesino 4.305
23%
68 Luisago 2.728
23%
72 Valmorea 2.589
23%
130 Lasnigo 454
22%
78 Monguzzo 2.352
22%
77 Oltrona di San Mamette 2.367
22%
119 Pognana Lario 666
22%
147 Livo 164
21%
128 Sala Comacina 478
21%
60 Carlazzo 3.108
20%
137 Pigra 248
20%
65 Carbonate 2.872
19%
107 Proserpio 941
18%
121 Dizzasco 635
17%
141 Montemezzo 220
17%
105 Pianello del Lario 1.036
17%
85 San Siro 1.705
17%
111 Schignano 879
17%
109 Castelnuovo Bozzente 905
16%
115 Cremia 692
16%
123 Griante 594
16%
108 Musso 931
16%
133 Bene Lario 330
14%
127 Claino con Osteno 537
14%
95 Grandola ed Uniti 1.294
14%
143 Veleso 199
14%
114 Vercana 742
14%
139 Dosso del Liro 236
12%
106 San Bartolomeo Val Cavargna 964
12%
136 San Nazzaro Val Cavargna 278
12%
124 Cerano d'Intelvi 570
11%
118 Garzeno 676
11%
113 Plesio 818
11%
140 Ponna 229
11%
138 Trezzone 237
11%
91 Valsolda 1.449
11%
126 Laino 546
10%
148 Val Rezzo 162
10%
135 Blessagno 290
9%
112 Corrido 845
9%
142 Cusino 218
9%
145 Peglio 189
9%
97 Rodero 1.242
9%
122 Stazzona 613
7%
144 Cavaragna 189
2%
Nessun quiz corrispondente trovato
Distribuzione punteggi
Percentuale di utenti per punteggio
Percentile per numero di risposta
I tuoi punteggi nel tempo
Non hai fatto questo quiz dall'ultimo reset